00712nam a2200181 a 450000100100000000500170001000800410002704000250006808200150009310000310010824501170013926000380025630000200029450000770031404900090039195201130040099900170051300002942120200930055535.0110415s1927 dr 000 | spa d aDO-SdBNPbspacBNPHU axxxbV434s1 aVelázquez, Guaroa95630113aLa solución de la controversia fronteriza dominico-haitiana por la corte permanente de justicia internacional. aSanto Domingo :bProgreso,c1927. a11 p. ;c19 cm. aPublicado en la Revista Dominicana de derecho internacional, número 1. aBNPD 0010718PDaPDbPDcCTd2011-04-15iLF1l0oxxx V434sp29421-10r2020-06-25w2020-06-25yLFPDZNo se presta c28913d28913